[Event "Hillerod-ch E"]
[Site "Hillerod"]
[Date "2022.05.15"]
[Round "4"]
[White "Meincke, William"]
[Black "Andersen, Lene"]
[Result "1-0"]
[WhiteElo "1115"]
[BlackElo "1271"]
[PlyCount "99"]
[EventDate "2022.05.15"]
[EventType "tourn"]
[EventRounds "5"]
[EventCountry "DEN"]
[SourceTitle "EXT 2025"]
[Source "ChessBase"]
[SourceDate "2024.10.14"]
[SourceVersion "1"]
[SourceVersionDate "2024.10.14"]
[SourceQuality "1"]

1. e4 e5 2. Nc3 Bc5 3. f4 d6 4. f5 Nf6 5. d3 h6 6. Na4 Bb6 7. g4 d5 8. g5 hxg5 9. Bxg5 Qd6 10. Nxb6 Qxb6 11. Nf3 Nh7 12. Bc1 Qd6 13. Be3 f6 14. Nd2 d4 15. Qh5+ Kf8 16. Nc4 Qe7 17. Bd2 Kg8 18. Qg4 g5 19. h4 Qg7 20. h5 Nf8 21. c3 Nc6 22. cxd4 Nxd4 23. Bc3 Nc2+ 24. Kd2 Nxa1 25. d4 b5 26. Ne3 a6 27. dxe5 Qd7+ 28. Bd3 Kf7 29. exf6 Rg8 30. e5 Ke8 31. h6 Nh7 32. e6 Qc6 33. f7+ Kf8 34. Qb4+ Qd6 35. fxg8Q+ Kxg8 36. Qxd6 cxd6 37. Rxa1 Bb7 38. Ng4 Bd5 39. Nf6+ Nxf6 40. Bxf6 g4 41. Rg1 Bf3 42. Bd4 Re8 43. Be2 Bxe2 44. Kxe2 Kh7 45. Bg7 Re7 46. Rxg4 a5 47. Kd3 Re8 48. Kd4 b4 49. Kd5 b3 50. a3 1-0

[Event "Hillerod-ch E"]
[Site "Hillerod"]
[Date "2022.05.15"]
[Round "1"]
[White "Meincke, William"]
[Black "So, John"]
[Result "0-1"]
[WhiteElo "1115"]
[BlackElo "1393"]
[PlyCount "101"]
[EventDate "2022.05.15"]
[EventType "tourn"]
[EventRounds "5"]
[EventCountry "DEN"]
[SourceTitle "EXT 2025"]
[Source "ChessBase"]
[SourceDate "2024.10.14"]
[SourceVersion "1"]
[SourceVersionDate "2024.10.14"]
[SourceQuality "1"]

1. e4 e5 2. Nf3 Nc6 3. Nc3 Nf6 4. Bc4 Bc5 5. d3 a6 6. Bg5 h6 7. Bh4 b5 8. Bb3 d5 9. Nxd5 g5 10. Bg3 Bb7 11. a4 Na5 12. Nxf6+ Qxf6 13. Bd5 c6 14. axb5 axb5 15. Ba2 Bb6 16. b4 Bc8 17. bxa5 Bxa5+ 18. Nd2 Bb7 19. 0-0 Bc3 20. Bxf7+ Kxf7 21. Rxa8 Rxa8 22. Nb3 Kg6 23. f3 Qf8 24. Qe2 Qg8 25. Bf2 Ra4 26. Kh1 Qc8 27. Be3 c5 28. Bd2 Bxd2 29. Qxd2 Ra3 30. Rb1 b4 31. Qc1 Bc6 32. Rb2 Ba4 33. g3 Bd7 34. f4 exf4 35. gxf4 Qf8 36. f5+ Kh7 37. Qg1 Qf6 38. Rb1 Qc3 39. Qe3 Bc6 40. h4 Qf6 41. Rb2 Qc3 42. hxg5 hxg5 43. Qh3+ Kg7 44. Rb1 c4 45. Nd2 cxd3 46. cxd3 Qc2 47. Qh5 Qxd2 48. Rg1 Bb5 49. Rg2 Qe3 50. Kh2 Ra1 51. Rxg5+ 0-1